| 000 | 00617cam a2200265ua 4500 | ||
|---|---|---|---|
| 020 | _c17.50 (PB) | ||
| 041 |
_aeng _h |
||
| 082 |
_a621.4025 _bPAN/EL |
||
| 100 |
_aPandya, N C . _95159 |
||
| 245 |
_aElements of heat engines / _cN C Pandya. _hTextual Documents |
||
| 250 |
_a9 / _b. |
||
| 260 |
_aNew Delhi : _bCharotar book stall , _c1990. |
||
| 300 | _a845 ; . | ||
| 365 | _a17.50 | ||
| 504 | _a | ||
| 700 | 1 |
_aShah, C S . _95160 |
|
| 942 | _cBK | ||
| 999 |
_c81 _d81 |
||
| 003 | @ | ||
| 003 | OSt | ||